M*A*S*H TV Show Trivia - Statistics

General Stats
  • This quiz has been taken 20 times
  • The average score is 13 of 20
Answer Stats
Hint Answer % Correct
Trivia What sport does Father Mulcahy's sister coach? Basketball
94%
Trivia Which regular takes on the job of company clerk after Radar returns home? Corporal Klinger
94%
Quotes Hawkeye: "I'll carry your books, I'll carry a torch, I'll carry a tune, I'll carry on, carry over, carry forward, Cary Grant, cash and carry, carry me back to Old Virginia, I'll even 'hari-kari' if you show me how, but I will not carry a {gun}!"
88%
Trivia What is Radar O'Reilly's given name? Walter
88%
Quotes Colonel Blake: "There are certain {rule}s about a war. {Rule} number one is young men die. And {rule} number two is, doctors can't change {rule} number one."
82%
Trivia What is the (assumed) name of the intelligence agent who frequently appears in the 4077th? Colonel Flagg
82%
Trivia Where is Nurse Kellye from? Honolulu
82%
Trivia Who does Major Margaret Houlihan get engaged and married to over the course of season 5? Colonel Donald Penobscott
71%
Trivia What do the letters B.J. in Captain B.J. Hunnicut stand for? Nothing
71%
Trivia What is Colonel Blake's fancy desk in "To Market, To Market" made of? Oak
71%
Trivia What is Colonel Potter's horse's name? Sophie
71%
Trivia What do Hawkeye and Trapper make a fake lamb out of in "Private Charles Lamb"? Spam
71%
Trivia What instrument does Major Charles Winchester play? French Horn
59%
Trivia What is the name of Hawkeye, Trapper, and Frank's season 1 surgeon roommate? Oliver Harmon "Spearchucker" Jones
59%
Trivia What is the name of Hawkeye's imaginary friend who is credited with donating supplies and money to Sister Theresa's orphanage? Captain Tuttle
53%
Quotes PA System: "Due to circumstances beyond our control, {lunch} will be served today."
47%
Quotes Dr. Sidney Freedman: "Ladies and gentlemen, take my advice: Pull down your pants and {slide} {on} {the} {ice}."
35%
Trivia Who does Hawkeye dress up as in "Dear Dad"? Santa Claus
29%
Trivia What is Colonel Potter's favorite movie? He says it's got the three things that make a movie great: Horses, cowboys, and more horses. My Darling Clementine
18%
Quotes Charles Winchester: "You can cut me off from the civilized world. You can incarcerate me with two moronic cellmates. You can torture me with your thrice-daily swill. But you cannot {break} {the} {spirit} of a Winchester."
12%
No matching quizzes found
Score Distribution
Percent of People with Each Score
Percentile by Number Answered
Your Score History
You have not taken this quiz